Pozemkové právo 1 Prehľad

Gespeichert in:
Bibliographische Detailangaben
Weitere Verfasser: Peceň, Pavol
Format: Buch
Sprache:Slowakisch
Veröffentlicht: Bratislava TriPe 1995
Ausgabe:1. vyd.
Schlagworte:
Tags: Tag hinzufügen
Keine Tags, Fügen Sie das erste Tag hinzu!

MARC

LEADER 00000nam a2200000 4500
001 c013161
005 20221128073622.9
020 |a 80-967184-1-X 
041 0 |a slo 
044 |a SK 
245 1 0 |a Pozemkové právo 1  |b Prehľad  |c Hl. zost. Pavol Peceň 
250 |a 1. vyd. 
264 1 |a Bratislava  |b TriPe  |c 1995 
300 |a 183 s. 
610 2 0 |a pôda 
610 2 0 |a nehnuteľnosti 
610 2 0 |a právo pozemkové 
610 2 0 |a nájomné z pôdy 
610 2 0 |a využitie pôdy 
610 2 0 |a zákony 
610 2 0 |a predpisy právne 
610 2 0 |a ochrana pôdy 
610 2 0 |a Slovensko 
700 1 |a Peceň, Pavol